Normal view MARC view
  • Malhotra.R.etal.

Entry Personal Name

Number of records used in: 4

001 - CONTROL NUMBER

  • control field: 2527

003 - CONTROL NUMBER IDENTIFIER

  • control field: OSt

005 - DATE AND TIME OF LATEST TRANSACTION

  • control field: 20170123082247.0

008 - FIXED-LENGTH DATA ELEMENTS

  • fixed length control field: 170123|| aca||aabn | a|a d

040 ## - CATALOGING SOURCE

  • Original cataloging agency: OSt

100 ## - HEADING--PERSONAL NAME

  • Personal name: Malhotra.R.etal.

Powered by Koha